01011cam a2200277 a 4500001000500000005001700005020002700022020001500049040002300064050002300087082000800110100004300118245009900161260004500260300004000305490003300345505000800378520014500386521002000531521002000551650003800571650003500609650002200644650003500666700003200701140820230908153323.0 a0807554030 (hardcover) a0807554049 aDLCcDLCdDLCbeng00aPZ7.W244bMwv 199400aFic1 aWarner, Gertrude Chandler,d1890-1979.14aThe mystery of the hidden beach /c by Gertrude Chandler Warner ; illustrated by Charles Tang. aMorton Grove, Ill. :bA. Whitman,c1994. a119 pages :billustrations ;c20 cm aThe Boxcar ChildrenvBook 41 aO  aWhile visiting the Florida Keys, the Aldens encounter suspicious characters, strange incidents at night, and a plot to steal valuable coral. a620 bLexile  aO bRaz-Plus  1aCoral reefs and islandsxFiction. 1aBrothers and sistersxFiction. 1aOrphansxFiction. 1aMystery and detective stories.1 aTang, Charleseillustrator